|
|
|
|
| LEADER |
00000nam0a2200000 4500 |
| 001 |
278298 |
| 005 |
20231101235111.0 |
| 035 |
|
|
|a (RuTPU)RU\TPU\book\301575
|
| 090 |
|
|
|a 278298
|
| 100 |
|
|
|a 20141210d1984 k y0rusy5003 ca
|
| 101 |
0 |
|
|a rus
|
| 102 |
|
|
|a RU
|
| 105 |
|
|
|a a z 001zy
|
| 200 |
1 |
|
|a Научные основы анализа и прогнозирования надежности генераторов
|f В. М. Быков, И. А. Глебов
|g Всесоюзный научно-исследовательский институт электромашиностроения (ВНИИэлектромаш) ; под ред. Я. Б. Данилевич
|
| 210 |
|
|
|a Ленинград
|c Наука
|d 1984
|
| 215 |
|
|
|a 214 с.
|c ил.
|
| 320 |
|
|
|a Библиогр.: с. 206-211
|
| 606 |
1 |
|
|a Генераторы
|x Надежность
|2 stltpush
|3 (RuTPU)RU\TPU\subj\5679
|9 33688
|
| 610 |
1 |
|
|a анализ
|
| 610 |
1 |
|
|a прогнозирование
|
| 610 |
1 |
|
|a научные основы
|
| 610 |
1 |
|
|a повреждения
|
| 610 |
1 |
|
|a охлаждение
|
| 610 |
1 |
|
|a изоляция
|
| 675 |
|
|
|a 621.313.12
|z rus
|v 4
|
| 700 |
|
1 |
|a Быков
|b В. М.
|g Валентин Михайлович
|4 070
|
| 701 |
|
1 |
|a Глебов
|b И. А.
|g Игорь Алексеевич
|4 070
|
| 702 |
|
1 |
|a Данилевич
|b Я. Б.
|4 340
|
| 712 |
0 |
2 |
|a Всесоюзный научно-исследовательский институт электромашиностроения (ВНИИэлектромаш)
|2 stltpush
|3 (RuTPU)RU\TPU\col\13871
|
| 801 |
|
0 |
|a RU
|b RuMRKP
|c 19950704
|g psbo
|
| 801 |
|
1 |
|a RU
|b 63413507
|c 20141210
|
| 801 |
|
2 |
|a RU
|b 63413507
|c 20170410
|g RCR
|
| 942 |
|
|
|c BK
|